Countries With the Most Voting Power in the IMF - Statistics

General Stats
  • This quiz has been taken 66 times
  • The average score is 22 of 25
Answer Stats
% Country % Correct
2.63 India
100%
16.49 United States
100%
6.08 China
98%
4.03 France
98%
1.80 Mexico
98%
4.03 United Kingdom
98%
2.22 Brazil
97%
5.31 Germany
97%
6.14 Japan
97%
2.59 Russia
97%
3.02 Italy
93%
1.92 Spain
93%
1.33 Australia
92%
2.22 Canada
92%
2.01 Saudi Arabia
90%
0.84 Poland
88%
1.73 South Korea
86%
1.76 Netherlands
85%
1.17 Switzerland
85%
0.91 Sweden
83%
1.30 Belgium
81%
0.81 Austria
78%
0.95 Indonesia
75%
0.83 Iran
71%
0.80 Singapore
61%
No matching quizzes found
Score Distribution
Percent of People with Each Score
Percentile by Number Answered
Your Score History
You have not taken this quiz